[Event "GAMMA Reykjavik Open 2019"]
[Site "Reykjavik"]
[Date "2019.04.11"]
[Round "2.15"]
[White "Bjornsson, Sigurbjorn"]
[Black "Fier, Alexandr"]
[Result "1/2-1/2"]
[WhiteElo "2312"]
[BlackElo "2570"]
[Annotator "TA"]
[PlyCount "86"]
[EventDate "2019.04.04"]
[EventType "swiss"]
[EventCountry "ISL"]
[SourceTitle "playchess.com"]
[Source "ChessBase"]
[SourceQuality "1"]

{[%evp 23,86,6,7,0,0,0,0,0,18,0,34,41,47,52,42,43,41,29,51,-8,-17,-8,-18,-10,0,-2,481,434,522,526,725,702,695,691,662,641,737,697,635,539,522,501,443,439,470,474,465,448,489,473,466,464,523,586,597,597,597,597,584,572,543,0,337,0,442]} 1. e4 c5 2. Nf3 Nc6 3. d4 cxd4 4. Nxd4 Nf6 5. Nc3 e5 6. Ndb5 d6 7. Nd5 Nxd5 8. exd5 Nb8 9. c4 Be7 10. Be2 a6 11. Nc3 O-O 12. O-O Nd7 13. Be3 {B33: Sicilian: Pelikan and Sveshnikov Variations} f5 14. f3 Bg5 15. Bf2 (15. Qd2 Bxe3+ 16. Qxe3 a5 17. f4 Re8 18. Bd3 Nc5 19. Bc2 Bd7 20. Kh1 Qf6 21. fxe5 Rxe5 22. Qf2 Rae8 23. Rad1 g6 24. h3 {0-1 (39) Kasimdzhanov,R (2690)-Carlsen,M (2714) Moscow 2007}) 15... Qf6 16. b4 {[#]} Bf4 $146 ({Predecessor:} 16... Qh6 17. Kh1 a5 18. a3 e4 19. fxe4 Bf4 20. Bg1 Be5 {0-1 (35) Matulovic,M (2389)-Vuckovic,B (2563) Zlatibor 2007}) 17. g3 e4 18. gxf4 Qxc3 19. Rb1 {[#] Black must now prevent Bd4.} exf3 20. Bd3 $36 {[%mdl 2048] White has some pressure.} a5 21. Rb3 (21. b5 $14) 21... Qf6 $11 {aiming for ...Qg6+.} 22. Qxf3 axb4 23. Bb1 Ra4 24. Qd1 {Threatens to win with Bd4.} Nc5 $2 {[%mdl 8192] [#]} (24... Qh6 $11 {and Black is okay.}) 25. Bd4 $1 $18 {[%cal Rd4f6]} Qh6 26. Rg3 Bd7 27. Rxg7+ Qxg7+ 28. Bxg7 Kxg7 29. Kh1 {Rg1+ is the strong threat.} Rf6 30. Rg1+ Rg6 31. h4 Ra3 {[%cal Ra3h3]} 32. Kh2 Ne4 {Black wants to play ...Rh3+.} 33. Qd4+ Kf7 34. Rxg6 hxg6 35. Qb6 Ke7 36. Bxe4 fxe4 37. Qxb4 Rxa2+ {[%mdl 4096] Endgame KQ-KRB} 38. Kg3 Rc2 39. Qb3 Rd2 {Strongly threatening ...Rd3+.} 40. Qxb7 Rd3+ 41. Kg2 Rd2+ 42. Kg3 Rd3+ $1 43. Kg2 Rd2+ $1 {[%mdl 32768] Accuracy: White = 76%, Black = 39%. . An unexpected result.} 1/2-1/2

[Event "GAMMA Reykjavik Open 2019"]
[Site "Reykjavik"]
[Date "2019.04.09"]
[Round "2.16"]
[White "Djukic, Nikola"]
[Black "Jacobsen, Mikkel Manosri"]
[Result "0-1"]
[WhiteElo "2566"]
[BlackElo "2302"]
[Annotator "TA RC"]
[PlyCount "42"]
[EventDate "2019.04.04"]
[EventType "swiss"]
[EventCountry "ISL"]
[SourceTitle "playchess.com"]
[Source "ChessBase"]
[SourceQuality "1"]

{[%evp 25,27,43,41,42]} 1. e4 e5 2. Nf3 Nc6 3. Bb5 a6 4. Ba4 Nf6 5. O-O Be7 6. Re1 b5 7. Bb3 d6 8. c3 O-O 9. h3 Na5 10. Bc2 c5 11. d4 Nd7 12. a4 Rb8 13. axb5 axb5 14. b3 {[%mdl 32768] [#] Loss on time!? C96: Closed Ruy Lopez: Chigorin Defence: 11 d4, replies other than 11...Qc7} {Predecessor:} Re8 $146 15. d5 Nf8 16. Nbd2 Bd7 17. Nf1 Ra8 18. Ne3 Qc7 19. Nf5 Bf6 20. Bd2 Ra7 21. Nh2 Rea8 {½-½ (78) Inarkiev,E (2707)-Rapport,R (2694) Geneva 2017} 0-1

[Event "GAMMA Reykjavik Open 2019"]
[Site "Reykjavik"]
[Date "2019.04.09"]
[Round "2.17"]
[White "Cornette, Matthieu"]
[Black "L'Ami, Alina"]
[Result "1-0"]
[WhiteElo "2556"]
[BlackElo "2290"]
[Annotator "ChessBase"]
[PlyCount "151"]
[EventDate "2019.04.04"]
[EventType "swiss"]
[EventCountry "ISL"]
[SourceTitle "playchess.com"]
[Source "ChessBase"]
[SourceQuality "1"]
[TimeControl "40/5400+30:1800+30"]

1. d4 {[%emt 0:00:00]} Nf6 {[%emt 0:03:40]} 2. c4 {[%emt 0:00:04]} g6 {[%emt 0:00:05]} 3. Nc3 {[%emt 0:00:15]} Bg7 {[%emt 0:00:15]} 4. e4 {[%emt 0:00:14]} d6 {[%emt 0:00:18]} 5. h3 {[%emt 0:00:10]} O-O {[%emt 0:01:02]} 6. Be3 {[%emt 0:00:06]} c5 {[%emt 0:07:28]} 7. Nf3 {[%emt 0:00:31]} Qa5 {[%emt 0:03:46]} 8. Bd3 {[%emt 0:01:34]} Nfd7 {[%emt 0:04:36]} 9. O-O {[%emt 0:02:18]} Nc6 {[%emt 0:02:47]} 10. Be2 {[%emt 0:02:14]} cxd4 {[%emt 0:15:04]} 11. Nxd4 {[%emt 0:00:58]} Nxd4 {[%emt 0:03:53]} 12. Bxd4 {[%emt 0:00:15]} Bxd4 {[%emt 0:01:25]} 13. Qxd4 {[%emt 0:00:08]} Qc5 {[%emt 0:04:05]} 14. Qd2 {[%emt 0:02:09]} Nf6 {[%emt 0:05:03]} 15. Nd5 {[%emt 0:09:27]} Nxd5 {[%emt 0:08:02]} 16. exd5 {[%emt 0:00:31]} e5 {[%emt 0:06:46]} 17. dxe6 {[%emt 0:06:20]} Bxe6 {[%emt 0:00:19]} 18. Rac1 {[%emt 0:00:28]} Rac8 {[%emt 0:04:47]} 19. Rfd1 {[%emt 0:03:43]} Rfd8 {[%emt 0:01:05]} 20. b3 {[%emt 0:01:04]} Qe5 {[%emt 0:03:40]} 21. Rc3 {[%emt 0:14:54]} d5 {[%emt 0:02:48]} 22. Re3 {[%emt 0:04:13]} Qb8 {[%emt 0:08:31]} 23. Rd3 {[%emt 0:00:40]} Re8 {[%emt 0:02:06]} 24. cxd5 {[%emt 0:03:53]} Bf5 {[%emt 0:00:02]} 25. Bg4 {[%emt 0:03:26]} Bxd3 {[%emt 0:00:52]} 26. Bxc8 {[%emt 0:00:07]} Be4 {[%emt 0:02:30]} 27. Bg4 {[%emt 0:04:33]} h5 {[%emt 0:02:21]} 28. Be2 {[%emt 0:06:45]} Bxd5 {[%emt 0:02:55]} 29. Bxh5 {[%emt 0:00:10]} Bc6 {[%emt 0:00:05]} 30. Be2 {[%emt 0:02:38]} Qe5 {[%emt 0:00:20]} 31. Bf1 {[%emt 0:00:51]} Re7 {[%emt 0:01:24]} 32. Qb4 {[%emt 0:04:37]} Re8 {[%emt 0:01:19]} 33. a4 {[%emt 0:03:34]} a6 {[%emt 0:00:09]} 34. Qd2 {[%emt 0:05:59]} Re7 {[%emt 0:00:52]} 35. Qc1 {[%emt 0:01:48]} Re6 {[%emt 0:01:25]} 36. Bc4 {[%emt 0:01:24]} Qe4 {[%emt 0:01:16]} 37. f3 {[%emt 0:06:59]} Qe3+ {[%emt 0:00:01]} 38. Qxe3 {[%emt 0:04:19]} Rxe3 {[%emt 0:00:02]} 39. Rd8+ {[%emt 0:00:25]} Kg7 {[%emt 0:00:36]} 40. Rc8 {[%emt 0:00:00]} f5 {[%emt 0:00:00]} 41. Rc7+ {[%emt 0:08:01]} Kh6 {[%emt 0:08:15]} 42. h4 {[%emt 0:10:40]} g5 {[%emt 0:04:54]} 43. Kf2 {[%emt 0:00:51]} Rc3 {[%emt 0:03:44]} 44. hxg5+ {[%emt 0:08:52]} Kxg5 {[%emt 0:00:03]} 45. a5 {[%emt 0:02:50]} f4 {[%emt 0:07:37]} 46. Bd5 {[%emt 0:02:54]} Rc2+ {[%emt 0:01:49]} 47. Kg1 {[%emt 0:00:23]} Rc5 {[%emt 0:05:27]} 48. Bxc6 {[%emt 0:00:07]} bxc6 {[%emt 0:00:04]} 49. b4 {[%emt 0:00:07]} Rc4 {[%emt 0:00:10]} 50. Kh2 {[%emt 0:00:50]} Kf5 {[%emt 0:00:25]} 51. Rb7 {[%emt 0:02:09]} Ke5 {[%emt 0:00:34]} 52. Rb6 {[%emt 0:00:44]} Kd6 {[%emt 0:02:00]} 53. Kh3 {[%emt 0:00:03]} Kd5 {[%emt 0:00:57]} 54. Kg4 {[%emt 0:00:21]} Rd4 {[%emt 0:00:22]} 55. Kf5 {[%emt 0:00:39]} Kd6 {[%emt 0:00:31]} 56. Kf6 {[%emt 0:02:09]} Rc4 {[%emt 0:00:17]} 57. Kf7 {[%emt 0:00:26]} Kd7 {[%emt 0:00:45]} 58. Kf6 {[%emt 0:02:03]} Kd6 {[%emt 0:00:33]} 59. Kg5 {[%emt 0:00:21]} Rd4 {[%emt 0:01:15]} 60. Kg4 {[%emt 0:00:16]} Rc4 {[%emt 0:00:18]} 61. g3 {[%emt 0:00:19]} fxg3+ {[%emt 0:00:36]} 62. Kxg3 {[%emt 0:00:02]} Kd5 {[%emt 0:00:28]} 63. Kf2 {[%emt 0:01:01]} Kd6 {[%emt 0:00:30]} 64. Ke3 {[%emt 0:00:22]} Kd5 {[%emt 0:00:11]} 65. Kf2 {[%emt 0:00:21]} Kd6 {[%emt 0:00:28]} 66. Kg3 {[%emt 0:00:02]} Kd5 {[%emt 0:00:15]} 67. f4 {[%emt 0:00:13]} Kd6 {[%emt 0:00:26]} 68. Kg4 {[%emt 0:00:53]} Kd7 {[%emt 0:00:37]} 69. Kg5 {[%emt 0:00:34]} c5 {[%emt 0:00:24]} 70. f5 {[%emt 0:01:10]} Rxb4 {[%emt 0:01:18]} 71. f6 {[%emt 0:00:12]} Rd4 {[%emt 0:01:12]} 72. Rxa6 {[%emt 0:01:15]} c4 {[%emt 0:00:34]} 73. Ra7+ {[%emt 0:00:19]} Ke8 {[%emt 0:00:15]} 74. Rc7 {[%emt 0:00:20]} Rd5+ {[%emt 0:01:29]} 75. Kg6 {[%emt 0:00:04]} Rxa5 {[%emt 0:00:11]} 76. f7+ {[%emt 0:00:12]} 1-0

[Event "GAMMA Reykjavik Open 2019"]
[Site "Reykjavik"]
[Date "2019.04.09"]
[Round "2.18"]
[White "Sohal, Tanraj"]
[Black "Praggnanandhaa R"]
[Result "0-1"]
[WhiteElo "2280"]
[BlackElo "2537"]
[Annotator "TA"]
[PlyCount "104"]
[EventDate "2019.04.04"]
[EventType "swiss"]
[EventCountry "ISL"]
[SourceTitle "playchess.com"]
[Source "ChessBase"]
[SourceQuality "1"]

{[%evp 15,104,47,45,47,44,47,73,62,62,37,52,31,45,34,40,40,62,22,22,19,22,22,19,17,27,0,0,-10,-14,-11,0,0,0,0,0,0,10,8,5,13,15,-43,-32,-52,-51,-49,-45,-47,-12,-25,-25,-59,-54,-172,-181,-184,-181,-171,-179,-174,-175,-180,-164,-170,-135,-204,-205,-246,-236,-323,-318,-472,-455,-679,-635,-1235,-1160,-1033,-990,-1601,-1491,-1874,-1817,-1720,-1682,-1507,-1459,-1408,-1249,-855,-808]} 1. d4 d5 2. c4 Nc6 3. Nc3 Nf6 4. Nf3 dxc4 5. Bg5 Bg4 6. e3 e6 7. Bxc4 Be7 8. O-O O-O 9. h3 {D06: Queen's Gambit: Symmetrical and Baltic Defences} (9. Qe2 Nd5 10. Bxe7 Ncxe7 11. Rfd1 c6 12. Ne4 Nf6 13. Nxf6+ gxf6 14. e4 Qa5 15. h3 Bh5 16. Qe3 Rad8 {0-1 (40) Yudkevich,M (1994)-Palkovich,D (2191) Belgrade 2019}) 9... Bh5 $146 ({Predecessor:} 9... Bf5 10. Re1 h6 11. Bf4 Bd6 12. Bxd6 Qxd6 13. Bb3 Na5 14. e4 Bh7 15. e5 Qe7 16. exf6 Qxf6 17. Ne5 Nxb3 18. Qxb3 Rad8 {1-0 (18) Viliusis,N (1175)-Meskenas,V Plateliai 2017}) 10. Rc1 Nd5 11. Bxe7 {White is better.} Ncxe7 {[%cal Bc6e7,Be7f5,Bf5h4][%mdl 32]} 12. Be2 c6 13. a3 Bxf3 14. Bxf3 Nf5 15. Qb3 Rb8 16. Ne2 Nh4 17. Be4 f5 18. Bxd5 exd5 19. Nf4 {Hoping for Ne6.} Qe8 20. Qd1 g5 21. Qh5 Qxh5 22. Nxh5 Kf7 23. f4 Kg6 24. Ng3 Rbe8 25. Rc3 h6 26. Ne2 {Threatens to win with g3.} Kh7 27. g3 Ng6 28. Kf2 ({Better is} 28. b4 $11) 28... Nh8 $15 29. Rb3 Re7 30. fxg5 hxg5 31. Kg2 Ng6 32. Ng1 Kh6 33. Rd3 f4 34. Ne2 ({White should play} 34. Rf2 $15) 34... Rfe8 $1 $19 (34... Rxe3 35. Rxe3 fxe3 36. Rxf8 $11) ({Don't do} 34... fxe3 35. Rxf8 Nxf8 36. Kf3 $15) 35. gxf4 Rxe3 36. Rxe3 Rxe3 37. fxg5+ Kxg5 {[%mdl 4096] Endgame KRN-KRN} 38. Kf2 {[#]} Rb3 $1 ({Stronger than} 38... Rxh3 39. Rg1+ Kf6 {[#]} 40. Rxg6+ $1 {[%mdl 512]} Kxg6 41. Nf4+ Kf5 42. Nxh3 $16) 39. Rg1+ Kf6 40. Rb1 (40. Rg4 $17) 40... Rxh3 41. Ng3 Nh4 42. b4 Nf5 43. Nxf5 (43. Ne2 {keeps fighting.}) 43... Kxf5 {KR-KR. Black is clearly winning.} 44. b5 (44. a4 $142 Rd3 45. Rb2) 44... Ke4 45. bxc6 bxc6 46. Rc1 Rh6 47. Rd1 Rh2+ 48. Kg3 Ra2 49. Rc1 Rxa3+ 50. Kf2 Ra6 51. Rd1 Ra4 52. Rc1 Rc4 {Accuracy: White = 37%, Black = 70%.} 0-1

[Event "GAMMA Reykjavik Open 2019"]
[Site "Reykjavik"]
[Date "2019.04.09"]
[Round "2.19"]
[White "Gukesh D"]
[Black "Ortega Ruiz, Jose Miguel"]
[Result "1-0"]
[WhiteElo "2536"]
[BlackElo "2281"]
[Annotator "ChessBase"]
[PlyCount "127"]
[EventDate "2019.04.04"]
[EventType "swiss"]
[EventCountry "ISL"]
[SourceTitle "playchess.com"]
[Source "ChessBase"]
[SourceQuality "1"]
[TimeControl "40/5400+30:1800+30"]

1. Nf3 {[%emt 0:00:00]} d5 {[%emt 0:07:52]} 2. g3 {[%emt 0:00:00]} g6 {[%emt 0:00:10]} 3. Bg2 {[%emt 0:00:09]} Bg7 {[%emt 0:00:05]} 4. d4 {[%emt 0:00:08]} Nf6 {[%emt 0:01:05]} 5. O-O {[%emt 0:00:08]} c6 {[%emt 0:01:37]} 6. b3 {[%emt 0:01:55]} O-O {[%emt 0:01:31]} 7. Bb2 {[%emt 0:00:26]} Bf5 {[%emt 0:00:28]} 8. c4 {[%emt 0:00:57]} Nbd7 {[%emt 0:00:30]} 9. Nbd2 {[%emt 0:03:14]} Ne4 {[%emt 0:14:46]} 10. Re1 {[%emt 0:17:07]} b5 {[%emt 0:27:57]} 11. cxd5 {[%emt 0:03:33]} cxd5 {[%emt 0:00:05]} 12. Nh4 {[%emt 0:00:20]} Rc8 {[%emt 0:06:45]} 13. Nxf5 {[%emt 0:11:02]} gxf5 {[%emt 0:00:04]} 14. Nxe4 {[%emt 0:02:59]} fxe4 {[%emt 0:00:33]} 15. Qd2 {[%emt 0:00:41]} Qb6 {[%emt 0:03:24]} 16. e3 {[%emt 0:02:32]} a5 {[%emt 0:05:05]} 17. Rac1 {[%emt 0:03:08]} e6 {[%emt 0:00:07]} 18. Bf1 {[%emt 0:01:49]} b4 {[%emt 0:00:48]} 19. Rc2 {[%emt 0:02:49]} Qb7 {[%emt 0:01:18]} 20. Rec1 {[%emt 0:01:08]} Rfd8 {[%emt 0:01:21]} 21. Qe2 {[%emt 0:03:09]} Rxc2 {[%emt 0:00:30]} 22. Qxc2 {[%emt 0:07:03]} Ra8 {[%emt 0:01:51]} 23. Be2 {[%emt 0:06:10]} Bf8 {[%emt 0:00:46]} 24. h4 {[%emt 0:05:29]} Nb6 {[%emt 0:02:22]} 25. Qc6 {[%emt 0:09:32]} Qxc6 {[%emt 0:00:27]} 26. Rxc6 {[%emt 0:00:07]} Nc8 {[%emt 0:00:05]} 27. Bb5 {[%emt 0:01:47]} Nd6 {[%emt 0:00:17]} 28. Ba6 {[%emt 0:00:44]} Kg7 {[%emt 0:02:05]} 29. g4 {[%emt 0:01:27]} Kf6 {[%emt 0:00:44]} 30. a4 {[%emt 0:02:10]} Ke7 {[%emt 0:00:56]} 31. Be2 {[%emt 0:00:15]} Kd7 {[%emt 0:00:48]} 32. Rc5 {[%emt 0:00:31]} Be7 {[%emt 0:05:44]} 33. h5 {[%emt 0:00:36]} Nb7 {[%emt 0:02:42]} 34. Rc2 {[%emt 0:01:20]} Nd6 {[%emt 0:00:57]} 35. Rc5 {[%emt 0:01:50]} Nb7 {[%emt 0:00:04]} 36. Rc1 {[%emt 0:00:48]} Nd6 {[%emt 0:00:07]} 37. Kg2 {[%emt 0:01:28]} Rc8 {[%emt 0:00:10]} 38. Rc5 {[%emt 0:00:38]} Ra8 {[%emt 0:05:40]} 39. f4 {[%emt 0:02:43]} exf3+ {[%emt 0:00:18]} 40. Kxf3 {[%emt 0:00:00]} Ne4 {[%emt 0:00:00]} 41. Bb5+ {[%emt 0:04:41]} Kd8 {[%emt 0:02:59]} 42. Rc6 {[%emt 0:01:14]} Rc8 {[%emt 0:00:45]} 43. Rxc8+ {[%emt 0:01:32]} Kxc8 {[%emt 0:00:04]} 44. Bd3 {[%emt 0:00:34]} Ng5+ {[%emt 0:00:29]} 45. Kf4 {[%emt 0:02:17]} Nh3+ {[%emt 0:00:41]} 46. Ke5 {[%emt 0:10:17]} Ng5 {[%emt 0:02:15]} 47. e4 {[%emt 0:02:51]} f6+ {[%emt 0:04:31]} 48. Kf4 {[%emt 0:00:05]} Bd6+ {[%emt 0:00:21]} 49. e5 {[%emt 0:06:10]} Be7 {[%emt 0:00:08]} 50. h6 {[%emt 0:03:33]} Kd7 {[%emt 0:01:53]} 51. Bc1 {[%emt 0:02:06]} Ke8 {[%emt 0:02:08]} 52. Kg3 {[%emt 0:00:22]} Kf7 {[%emt 0:00:16]} 53. exf6 {[%emt 0:04:02]} Bxf6 {[%emt 0:01:11]} 54. Bf4 {[%emt 0:00:07]} Bd8 {[%emt 0:00:22]} 55. Kh4 {[%emt 0:04:07]} Nf3+ {[%emt 0:04:36]} 56. Kh5 {[%emt 0:00:13]} Kg8 {[%emt 0:00:04]} 57. g5 {[%emt 0:00:30]} Bxg5 {[%emt 0:03:00]} 58. Bxg5 {[%emt 0:00:08]} Nxd4 {[%emt 0:00:03]} 59. Be3 {[%emt 0:02:01]} Nxb3 {[%emt 0:00:01]} 60. Kg5 {[%emt 0:00:24]} e5 {[%emt 0:02:02]} 61. Kf6 {[%emt 0:00:38]} e4 {[%emt 0:00:39]} 62. Bb5 {[%emt 0:00:21]} Kf8 {[%emt 0:00:20]} 63. Bc6 {[%emt 0:00:26]} d4 {[%emt 0:00:07]} 64. Bf4 {[%emt 0:00:04]} 1-0

[Event "GAMMA Reykjavik Open 2019"]
[Site "Reykjavik"]
[Date "2019.04.09"]
[Round "2.20"]
[White "Briem, Stephan"]
[Black "Brunello, Sabino"]
[Result "0-1"]
[WhiteElo "2138"]
[BlackElo "2534"]
[Annotator "ChessBase"]
[PlyCount "102"]
[EventDate "2019.04.04"]
[EventType "swiss"]
[EventCountry "ISL"]
[SourceTitle "playchess.com"]
[Source "ChessBase"]
[SourceQuality "1"]
[TimeControl "40/5400+30:1800+30"]

1. d4 {[%emt 0:00:00]} Nf6 {[%emt 0:01:12]} 2. c4 {[%emt 0:00:11]} e6 {[%emt 0:00:27]} 3. Nc3 {[%emt 0:00:57]} Bb4 {[%emt 0:00:07]} 4. e3 {[%emt 0:01:01]} O-O {[%emt 0:00:13]} 5. Nge2 {[%emt 0:00:59]} Re8 {[%emt 0:07:43]} 6. a3 {[%emt 0:01:19]} Bf8 {[%emt 0:00:02]} 7. Ng3 {[%emt 0:01:13]} d5 {[%emt 0:00:31]} 8. Be2 {[%emt 0:00:29]} b6 {[%emt 0:01:30]} 9. O-O {[%emt 0:05:21]} Bb7 {[%emt 0:01:27]} 10. b4 {[%emt 0:09:04]} Nbd7 {[%emt 0:07:56]} 11. Bb2 {[%emt 0:05:53]} c5 {[%emt 0:05:45]} 12. Qb3 {[%emt 0:11:56]} cxd4 {[%emt 0:05:39]} 13. exd4 {[%emt 0:00:52]} dxc4 {[%emt 0:00:43]} 14. Bxc4 {[%emt 0:01:43]} Rc8 {[%emt 0:00:14]} 15. Rac1 {[%emt 0:04:46]} Qc7 {[%emt 0:08:36]} 16. Bd3 {[%emt 0:09:16]} Qf4 {[%emt 0:03:24]} 17. Nce2 {[%emt 0:03:23]} Qb8 {[%emt 0:01:19]} 18. Rxc8 {[%emt 0:06:04]} Rxc8 {[%emt 0:01:01]} 19. Rc1 {[%emt 0:02:00]} Rd8 {[%emt 0:01:25]} 20. Nc3 {[%emt 0:04:46]} Bd6 {[%emt 0:02:35]} 21. Qc2 {[%emt 0:04:05]} h5 {[%emt 0:11:13]} 22. Nce4 {[%emt 0:10:19]} Bf4 {[%emt 0:23:21]} 23. Re1 {[%emt 0:03:03]} h4 {[%emt 0:01:48]} 24. Nf1 {[%emt 0:00:27]} Rc8 {[%emt 0:01:42]} 25. Qe2 {[%emt 0:02:21]} Bxe4 {[%emt 0:03:22]} 26. Bxe4 {[%emt 0:00:46]} Nxe4 {[%emt 0:00:04]} 27. Qxe4 {[%emt 0:00:22]} Nf6 {[%emt 0:00:30]} 28. Qd3 {[%emt 0:00:50]} Nd5 {[%emt 0:00:53]} 29. g3 {[%emt 0:01:26]} hxg3 {[%emt 0:00:13]} 30. hxg3 {[%emt 0:00:05]} Bg5 {[%emt 0:00:09]} 31. Nh2 {[%emt 0:02:06]} a5 {[%emt 0:02:47]} 32. Nf3 {[%emt 0:02:35]} Bf6 {[%emt 0:00:14]} 33. b5 {[%emt 0:00:27]} Qc7 {[%emt 0:03:07]} 34. Qd2 {[%emt 0:03:28]} Qd7 {[%emt 0:01:33]} 35. Qd3 {[%emt 0:01:21]} Ne7 {[%emt 0:00:21]} 36. Rc1 {[%emt 0:00:55]} Rxc1+ {[%emt 0:00:46]} 37. Bxc1 {[%emt 0:00:02]} Nf5 {[%emt 0:00:14]} 38. Be3 {[%emt 0:01:32]} Qd5 {[%emt 0:00:11]} 39. Nd2 {[%emt 0:01:24]} Bxd4 {[%emt 0:02:49]} 40. Bxd4 {[%emt 0:00:00]} Nxd4 {[%emt 0:00:00]} 41. a4 {[%emt 0:02:03]} Kf8 {[%emt 0:00:21]} 42. f3 {[%emt 0:04:37]} Nf5 {[%emt 0:12:05]} 43. Qc3 {[%emt 0:12:12]} Nxg3 {[%emt 0:00:36]} 44. Kg2 {[%emt 0:05:56]} Ne2 {[%emt 0:05:59]} 45. Qc8+ {[%emt 0:03:41]} Ke7 {[%emt 0:00:01]} 46. Ne4 {[%emt 0:00:32]} f5 {[%emt 0:02:17]} 47. Ng5 {[%emt 0:02:24]} Nf4+ {[%emt 0:01:09]} 48. Kg3 {[%emt 0:01:00]} Qd6 {[%emt 0:02:58]} 49. Qb7+ {[%emt 0:02:08]} Kf6 {[%emt 0:00:09]} 50. Nf7 {[%emt 0:00:56]} Qd4 {[%emt 0:00:19]} 51. Qc7 {[%emt 0:00:40]} Qg1+ {[%emt 0:00:20]} 0-1

[Event "GAMMA Reykjavik Open 2019"]
[Site "Reykjavik"]
[Date "2019.04.09"]
[Round "2.21"]
[White "Sadzikowski, Daniel"]
[Black "Abrahams, Daniel"]
[Result "1-0"]
[WhiteElo "2523"]
[BlackElo "2143"]
[Annotator "ChessBase"]
[PlyCount "79"]
[EventDate "2019.04.04"]
[EventType "swiss"]
[EventCountry "ISL"]
[SourceTitle "playchess.com"]
[Source "ChessBase"]
[SourceQuality "1"]
[TimeControl "40/5400+30:1800+30"]

1. d4 {[%emt 0:00:00]} Nf6 {[%emt 0:00:00]} 2. c4 {[%emt 0:00:00]} e6 {[%emt 0:00:00]} 3. Nf3 {[%emt 0:00:00]} Bb4+ {[%emt 0:00:00]} 4. Nbd2 {[%emt 0:00:06]} O-O {[%emt 0:00:26]} 5. a3 {[%emt 0:00:08]} Be7 {[%emt 0:00:21]} 6. e4 {[%emt 0:00:12]} d6 {[%emt 0:00:13]} 7. Bd3 {[%emt 0:00:32]} Nbd7 {[%emt 0:00:33]} 8. O-O {[%emt 0:01:26]} e5 {[%emt 0:00:07]} 9. b4 {[%emt 0:03:29]} exd4 {[%emt 0:01:11]} 10. Nxd4 {[%emt 0:00:09]} Re8 {[%emt 0:00:03]} 11. Bb2 {[%emt 0:01:40]} Bf8 {[%emt 0:00:14]} 12. Qc2 {[%emt 0:05:43]} a5 {[%emt 0:01:52]} 13. N4b3 {[%emt 0:05:11]} axb4 {[%emt 0:00:34]} 14. axb4 {[%emt 0:00:05]} Rxa1 {[%emt 0:00:11]} 15. Rxa1 {[%emt 0:01:49]} Ne5 {[%emt 0:02:28]} 16. Bf1 {[%emt 0:01:15]} Ng6 {[%emt 0:00:18]} 17. Nd4 {[%emt 0:09:33]} c6 {[%emt 0:01:46]} 18. Bc3 {[%emt 0:08:57]} Bd7 {[%emt 0:05:10]} 19. f3 {[%emt 0:01:31]} Qc7 {[%emt 0:12:12]} 20. Kh1 {[%emt 0:08:08]} Rc8 {[%emt 0:03:32]} 21. Nf5 {[%emt 0:13:48]} Ne8 {[%emt 0:05:04]} 22. Ne3 {[%emt 0:05:01]} Be7 {[%emt 0:00:51]} 23. Qb2 {[%emt 0:01:23]} Bf6 {[%emt 0:00:43]} 24. Bxf6 {[%emt 0:03:28]} Nxf6 {[%emt 0:00:02]} 25. Nb3 {[%emt 0:01:55]} Qb6 {[%emt 0:01:20]} 26. c5 {[%emt 0:01:34]} Qc7 {[%emt 0:01:14]} 27. Nc4 {[%emt 0:00:45]} d5 {[%emt 0:01:01]} 28. Nd6 {[%emt 0:02:30]} Rb8 {[%emt 0:00:27]} 29. e5 {[%emt 0:00:48]} Ne8 {[%emt 0:00:21]} 30. Bd3 {[%emt 0:01:45]} b6 {[%emt 0:01:02]} 31. Bxg6 {[%emt 0:01:07]} hxg6 {[%emt 0:00:10]} 32. Qc3 {[%emt 0:01:51]} bxc5 {[%emt 0:00:18]} 33. bxc5 {[%emt 0:00:52]} Qd8 {[%emt 0:00:43]} 34. Nd4 {[%emt 0:01:47]} Nc7 {[%emt 0:00:42]} 35. f4 {[%emt 0:09:49]} Ne6 {[%emt 0:02:08]} 36. Nxe6 {[%emt 0:01:49]} Bxe6 {[%emt 0:00:01]} 37. h3 {[%emt 0:00:15]} Qh4 {[%emt 0:00:33]} 38. Rf1 {[%emt 0:00:13]} Bf5 {[%emt 0:01:04]} 39. Kh2 {[%emt 0:01:28]} Rb1 {[%emt 0:00:35]} 40. Nxf5 {[%emt 0:00:00]} 1-0

[Event "GAMMA Reykjavik Open 2019"]
[Site "Reykjavik"]
[Date "2019.04.09"]
[Round "2.22"]
[White "Vidic, Teja"]
[Black "Hjartarson, Johann"]
[Result "0-1"]
[WhiteElo "2102"]
[BlackElo "2520"]
[Annotator "TA"]
[PlyCount "64"]
[EventDate "2019.04.04"]
[EventType "swiss"]
[EventCountry "ISL"]
[SourceTitle "playchess.com"]
[Source "ChessBase"]
[SourceQuality "1"]

{[%evp 18,64,6,0,6,0,8,0,0,-55,-47,-66,-65,-68,-61,-59,-56,-67,-65,-57,-45,-70,-54,-55,-55,-63,-56,-95,-83,-121,-85,-131,-109,-132,-124,-262,-236,-549,-535,-542,-528,-531,-517,-670,-367,-667,-664,-660,-654]} 1. e4 g6 2. d4 Bg7 3. Nc3 d6 4. f4 a6 5. Nf3 b5 6. Bd3 Nd7 7. e5 c5 {B06: Modern Defence} 8. Ng5 (8. Be4 Rb8 9. Be3 b4 10. Ne2 Nh6 11. dxc5 Nxc5 12. Bxc5 dxc5 13. Bc6+ Bd7 14. Qd5 Rc8 15. Bxd7+ Qxd7 16. Qxd7+ Kxd7 {1-0 (41) Yu,Y (2760)-Adhiban,B (2655) chess.com INT 2018}) 8... Nh6 9. Qf3 cxd4 10. Nxb5 {LiveBook: 3 Games} Rb8 11. Nxd4 {[#] Black must now prevent Nc6.} Bb7 12. Be4 Qc8 13. Nb3 $146 (13. Bxb7 $11 Rxb7 14. Qe4) ({Predecessor:} 13. Nc6 Bxc6 14. Bxc6 O-O 15. exd6 exd6 {½-½ (27) Mirkowski,P (2043)-Shepherd,C (2090) ICCF email 2013}) 13... dxe5 $15 14. fxe5 Nxe5 15. Qe2 Nc4 16. c3 O-O 17. O-O Bxe4 18. Nxe4 Rb5 19. Ned2 Nxd2 20. Bxd2 Nf5 21. Rac1 Rd8 22. Kh1 Re5 23. Qf3 Qc4 24. Rce1 a5 25. Qf4 Qd3 26. Qa4 (26. a4 $17) 26... h5 $40 {[%mdl 128] Black is out for blood.} 27. Bf4 $2 (27. Qf4 {is tougher.}) 27... Rxe1 $19 28. Rxe1 {[#]} Qe2 $1 {[%cal Re2e1][%mdl 512]} 29. Rg1 (29. Rxe2 Rd1+) 29... Rd1 {( -> ...Rxg1+)} 30. Nd2 Rxg1+ 31. Kxg1 Ne3 {[%csl Ge3][%cal Re2g2]} 32. Qe8+ Bf8 {Accuracy: White = 32%, Black = 100%.} 0-1